Introducción al estudio del romanticismo español

Guardat en:
Dades bibliogràfiques
Autor principal: Díaz-Plaja, Guillermo (Autor)
Format: Llibre
Idioma:espanyol
Publicat: Madrid Espasa Calpe 1972
Edició:4a. ed
Col·lecció:Colección Austral, 1147
Matèries:
Etiquetes: Afegir etiqueta
Sense etiquetes, Sigues el primer a etiquetar aquest registre!

MARC

LEADER 00000nam a2200000 a 4500
001 UCQ7470
003 CL-VaPUC
008 981113e19720000SP |||||||||||||||||spa|d
082 0 4 |a 860.9  |b DIA  |2 21 
100 0 |a Díaz-Plaja, Guillermo  |e author  |9 376957 
245 1 0 |a Introducción al estudio del romanticismo español 
250 |a 4a. ed 
300 |a 204 p 
942 |c BK 
945 |d 19981113 00:00:00  |a lriquelm 
260 |a Madrid  |b Espasa Calpe  |c 1972 
650 0 |a Romanticismo   |9 266698 
650 0 |a Literatura española  |9 306261 
650 0 |a Historia y crítica   |9 257407 
583 |a last modification  |c 20120620 11:09:51  |k Rodrigo Vera 
490 0 |a Colección Austral, 1147 
999 |c 277079  |d 277077 
952 |0 0  |1 0  |4 0  |6 860_900000000000000_DIA_1972  |7 0  |8 A  |9 314802  |a FDOPOS  |b FDOPOS  |d 2019-11-20  |i 1488430  |o 860.9 DIA 1972  |p 1488430  |r 2025-01-22  |w 2019-11-20  |y BK  |k MLH